|
|
|
|
| LEADER |
00000nas a22000007a 4500 |
| 001 |
ssj0000703906 |
| 003 |
WaSeSS |
| 005 |
20200512172242.0 |
| 006 |
m d |
| 007 |
cr n |
| 008 |
100407c19949999njuqr p s | e0chi |
| 010 |
|
|
|a 2011202243
|
| 022 |
|
|
|a 2160-0317
|y 2160-0295
|
| 035 |
|
|
|a (WaSeSS)ssj0000703906
|
| 037 |
|
|
|b Center for Modern China, P.O. Box 6036, Norfolk, VA 23508
|c $40.00 (single issue)
|c $80.00 (U.S. per yr.)
|c $90.00 (International, per yr.)
|
| 040 |
|
|
|a OCLCE
|b eng
|c OCLCE
|d DLC
|d OCLCQ
|d OCLCF
|d OCLCQ
|d OCLCO
|d OCL
|d OCLCQ
|d WaSeSS
|
| 041 |
0 |
|
|a chi
|f eng
|
| 042 |
|
|
|a dlr
|a nsdp
|a pcc
|
| 043 |
|
|
|a a-cc---
|
| 050 |
1 |
4 |
|a DS779.15
|b .T36
|
| 082 |
1 |
0 |
|a 951
|2 14
|
| 222 |
|
0 |
|a Dang dai Zhongguo yan jiu
|b (Online)
|
| 245 |
0 |
0 |
|6 880-01
|a Dang dai Zhongguo yan jiu
|h [electronic resource] =
|b Modern China studies.
|
| 246 |
3 |
1 |
|a Modern China studies
|
| 260 |
|
|
|6 880-02
|a Princeton, N.J. :
|b Dang dai Zhongguo yan jiu zhong xin,
|c 1994-
|
| 310 |
|
|
|a Quarterly,
|b 1996-
|
| 321 |
|
|
|a Bimonthly,
|b 1994-1995
|
| 362 |
0 |
|
|6 880-03
|a 1994 nian di 1 qi (Jan. 1994)-
|
| 506 |
|
|
|a License restrictions may limit access.
|
| 515 |
|
|
|a Some issues combined.
|
| 515 |
|
|
|a Issues for 1994 nian di 1 qi- also called zong di 40 qi- ; issues for 2002 nian di 1 qi- also called di 9 juan di 1 qi-
|
| 538 |
|
|
|a Master and use copy. Digital master created according to Benchmark for Faithful Digital Reproductions of Monographs and Serials, Version 1. Digital Library Federation, December 2002.
|u http://purl.oclc.org/DLF/benchrepro0212
|5 MiAaHDL
|
| 546 |
|
|
|a Table of contents also in English.
|
| 583 |
1 |
|
|a digitized
|c 2010
|h HathiTrust Digital Library
|l committed to preserve
|2 pda
|5 MiAaHDL
|
| 588 |
|
|
|a Description based on print version record; title from cover.
|
| 588 |
|
|
|a Latest issue consulted: 2004 nian di 1 qi.
|
| 648 |
|
7 |
|a Since 1976
|2 fast
|
| 650 |
|
7 |
|a Economic history.
|2 fast
|0 (OCoLC)fst00901974
|
| 650 |
|
7 |
|a Politics and government.
|2 fast
|0 (OCoLC)fst01919741
|
| 650 |
|
7 |
|a Social conditions.
|2 fast
|0 (OCoLC)fst01919811
|
| 651 |
|
0 |
|a China
|x Politics and government
|y 1976-
|v Periodicals.
|
| 651 |
|
0 |
|a China
|x Economic conditions
|y 1976-2000
|v Periodicals.
|
| 651 |
|
0 |
|a China
|x Economic conditions
|y 2000-
|v Periodicals.
|
| 651 |
|
0 |
|a China
|x Social conditions
|y 1976-2000
|v Periodicals.
|
| 651 |
|
0 |
|a China
|x Social conditions
|y 2000-
|v Periodicals.
|
| 651 |
|
7 |
|a China.
|2 fast
|0 (OCoLC)fst01206073
|
| 655 |
|
0 |
|a Electronic journals.
|
| 710 |
2 |
|
|a Center for Modern China.
|
| 776 |
0 |
8 |
|i Print version:
|t Dang dai Zhongguo yan jiu
|x 2160-0295
|w (DLC) 98645505
|w (OCoLC)31685548
|
| 780 |
0 |
0 |
|6 880-04
|t Dang dai Zhongguo yan jiu zhong xin lun wen
|
| 856 |
4 |
0 |
|z Full text available from Research Library: 01/01/2011 to present
|u https://search.proquest.com/publication/506321
|
| 880 |
0 |
0 |
|6 245-01/$1
|a 當代中國硏究 =
|b Modern China studies.
|
| 880 |
|
|
|6 260-02/$1
|a Princeton, N.J. :
|b 當代中國硏究中心,
|c 1994-
|
| 880 |
0 |
|
|6 362-03/$1
|a 1994年第1期 (Jan. 1994)-
|
| 880 |
0 |
0 |
|6 780-04/$1
|t 當代中國硏究中心論文
|x 1053-1076
|w (DLC)sn 90003271
|w (OCoLC)22455134
|